Lieux remarquables de France par images - Statistiques

Statistiques générales
  • Ce quiz a été pris 464 fois
  • Le résultat moyen est 8 sur 15
Statistiques - réponses
Par images Réponse % Correct
Tour Eiffel
99%
Musée du Louvre
98%
Notre Dame de Paris
88%
Dune du Pilat
82%
Pont du gard
75%
Gorges du verdon
63%
Chateau de Versailles
62%
La petite France
62%
Mehnir de Carnac
54%
La promenade des anglais
39%
Cathedrale de Reims
37%
Pont de Pierre
27%
Le puy de Dome
19%
Conques
7%
Cap Frehel
5%
Aucun quiz correspondant
Distribution des résultats
% des personnes avec chaque résultat
Percentile par nombre de réponses
Votre historique - résultats
Vous n’avez pas pris ce quiz